Silbidos de un vago /

Guardado en:
Autor Principal: Cambaceres, Eugenio
Formato: Libro
Publicado: Buenos Aires : Beybe, 1945
Materias:
Etiquetas: Agregar Etiqueta
Sin Etiquetas, Sea el primero en etiquetar este registro!
LEADER 00530nam a22001815a 4500
001 EHU.bham027331
003 AR-BHAM
005 20110511115723.0
008 130507s1945##################000#0#####d
082 A 8 |a 863.2 
100 1 |a Cambaceres, Eugenio 
245 1 0 |a Silbidos de un vago /  |c Eugenio Cambaceres 
260 |a Buenos Aires :  |b Beybe,  |c 1945 
300 |a 229 p. 
653 |a Donacion lejarraga 
653 |a Literatura argentina 
653 |a Novela argentina 
859 |a AR-BHAM  |b BIB. HUMANIDADES - General  |h A863.2  |i C141-3  |k A  |p 1105.04  |t Ej.1